<?xml version="1.0" encoding="UTF-8"?>
<marc:record xmlns:marc="http://www.loc.gov/MARC21/slim">
   <marc:leader>00000nam a2200000 a 4500</marc:leader>
   <marc:datafield ind1="1" ind2=" " tag="100">
      <marc:subfield code="a">Wells, Gren</marc:subfield>
      <marc:subfield code="4">aut</marc:subfield>
      <marc:subfield code="e">Verfasser/-in</marc:subfield>
   </marc:datafield>
   <marc:datafield ind1="1" ind2=" " tag="100">
      <marc:subfield code="a">Kassell, Nicole</marc:subfield>
      <marc:subfield code="4">drt</marc:subfield>
      <marc:subfield code="e">Regisseur/-in</marc:subfield>
   </marc:datafield>
   <marc:datafield ind1="0" ind2="0" tag="245">
      <marc:subfield code="a">Kein Mittel gegen Liebe</marc:subfield>
   </marc:datafield>
   <marc:datafield ind1="0" ind2="0" tag="245">
      <marc:subfield code="c">Wells, Gren</marc:subfield>
   </marc:datafield>
   <marc:datafield ind1=" " ind2="1" tag="264">
      <marc:subfield code="a">Berlin</marc:subfield>
      <marc:subfield code="b">Senator Home Entertainment GmbH</marc:subfield>
      <marc:subfield code="c">2013</marc:subfield>
   </marc:datafield>
   <marc:datafield ind1="1" ind2=" " tag="520">
      <marc:subfield code="a">Marley (Kate Hudson) genießt ihr Leben in vollen Zügen: Sie hat tolle Freunde, lebt in einem hippen Apartmenthaus im Herzen von New Orleans und ist erfolgreich im Job. Ihre Freizeit genießt sie mit ihren besten Freunden in ihrem Lieblingsclub und gegen heißen Sex mit ihrem aktuellen Lover hat sie auch nichts einzuwenden. Nur feste Liebesbeziehungen sind nicht ihr Ding. Ausgerechnet eine schwere Krankheit soll dies ändern. Der schüchterne Dr. Goldstein (Gael Garcia Bernal) tritt in Marleys Leben. Sie begreift, wie viel Glück sie eigentlich hat, auf die ganz große Liebe zu treffen. Und so werden Marleys Lebensfreude und Kampfeswillen erst recht geweckt.</marc:subfield>
   </marc:datafield>
   <marc:datafield ind1="1" ind2=" " tag="521">
      <marc:subfield code="a">FSK ab 6 freigegeben</marc:subfield>
   </marc:datafield>
   <marc:datafield ind1="1" ind2=" " tag="521">
      <marc:subfield code="a">6</marc:subfield>
   </marc:datafield>
   <marc:datafield ind1=" " ind2=" " tag="338">
      <marc:subfield code="a">Videodisk</marc:subfield>
   </marc:datafield>
</marc:record>
